000 00944nam a22003137a 4500
001 00913
003 DO-SdBPM
005 20260514125224.0
007 ta
008 160725b1990 sp ||||| |||| 00| 0 spa d
020 _a 9688472018
040 _aDO-SdBPM
_bspa
_cBPMSU
_erda
082 0 4 _a843.47
_bP454c 1990
_222
100 1 _aPerrault, Charles,
_d1628-1703.
_eautor
_968
245 1 0 _aCuentos de Perrault /
_cCarlos Perrault;
260 _a
_c
264 _aMéxico :
_bEditorial Origen ;
_c1990
300 _a121páginas . :
_bilustraciones
_c23 cm.
336 _atexto
_btxt
_2rdacontant
337 _asin mediación
_bn
_2rdamedia
338 _avolumen
_bnc
_2rdacarrier
490 0 _aCuentos y fábulas
590 _aInventariado, 2026/VM
650 7 _aCuentos infantiles franceses
650 7 _aCuentos de hadas
650 7 _aAmor
_v Cuentos infantiles
910 _aVMateo V. Control de calidad. BPMSU
942 _2ddc
_cBK
999 _c15843
_d15843